000 00246nam a22000977a 4500
041 _aENG
245 _aEngine Top End construction ( 22 Minutes )
260 _aMumbai
_bSunrise
_c2000
650 _aVideo Cassettes
856 _uCD And Video Cassettes
999 _c2479
_d2479